| 000 | 00407nam a2200169Ia 4500 | ||
|---|---|---|---|
| 005 | 20240628053744.0 | ||
| 008 | 240331s9999 xx 000 0 und d | ||
| 020 | _a0415104319 | ||
| 082 |
_a128 _bDEN |
||
| 100 | _aDennett, C. Daniel | ||
| 245 | 0 | _aContent and Consciousness | |
| 260 |
_aNew york _bRoutledge _c1986 |
||
| 300 | _axvi, 198 p ., | ||
| 650 | _aphilosophy | ||
| 650 | _ainformation | ||
| 942 | _cL | ||
| 999 |
_c714 _d714 |
||